Normal view
MARC view
- داء المتلازمة
Entry Topical Term
001 - CONTROL NUMBER
- control field: 17484
003 - CONTROL NUMBER IDENTIFIER
- control field: JO-AjAnu
005 - DATE AND TIME OF LATEST TRANSACTION
- control field: 20230606073103.0
008 - FIXED-LENGTH DATA ELEMENTS
- fixed length control field: 230606|| aca||aabn | a|a d
040 ## - CATALOGING SOURCE
- Original cataloging agency: JO-AjAnu
- Transcribing agency: JO-AjAnu
150 ## - HEADING--TOPICAL TERM
- Topical term or geographic name entry element: داء المتلازمة
670 ## - SOURCE DATA FOUND
- Source citation: Work cat.: (JO-AjAnu)8976: التواتي ، عادل ابراهيم/ عبد الناصر يوسف الزوكى, author 17483, متلازمة الضائقة التنفسية الحادة والشديدة